Myology : Basic and clinical
Saved in:
| Main Author: | |
|---|---|
| Format: | Book |
| Language: | Undetermined |
| Published: |
New York
McGraw-Hill
2004
|
| Subjects: | |
| Tags: |
Add Tag
No Tags, Be the first to tag this record!
|
| Institutions: | Trung tâm Học liệu Trường Đại học Cần Thơ |
|---|
| LEADER | 00593nam a2200217Ia 4500 | ||
|---|---|---|---|
| 001 | CTU_151244 | ||
| 008 | 210402s9999 xx 000 0 und d | ||
| 020 | |c 235 | ||
| 082 | |a 616.74 | ||
| 082 | |b E57/Vol.2 | ||
| 100 | |a Engel, Andrew G. | ||
| 245 | 0 | |a Myology : | |
| 245 | 0 | |b Basic and clinical | |
| 245 | 0 | |c Andrew G. Engel, Clara Franzini-Armstrong | |
| 260 | |a New York | ||
| 260 | |b McGraw-Hill | ||
| 260 | |c 2004 | ||
| 650 | |a Muscles,Neuromuscular diseases,Muscles | ||
| 650 | |x Diseases,Physiology | ||
| 904 | |i Giang | ||
| 980 | |a Trung tâm Học liệu Trường Đại học Cần Thơ | ||